=LDR 00000nam 2200000 4500 =001 INLIS000000000033494 =005 20140417094535.0 =006 =007 =008 ind =035 ##$$a 0010-061300000033494 =041 ##$$a ind =082 ##$$a 297.2 =090 ##$$a 297.2, Ami,d =100 ##$$a Anis =245 ##$$a Doa Anak Kecil, Kak Anis =260 ##$$a 2009 $b Bandung =300 ##$$a 102 hlm., Illus, 24 cm =650 ##$$a Doa =850 ##$$a NBPNMAT =990 ##$$a 87568756 =990 ##$$a 01201708756 =990 ##$$a 94136/BPAP-NTB/2014 =990 ##$$a 02240224 =990 ##$$a 21005949 =990 ##$$a 94136/BPAP-NTB/2014 =990 ##$$a 01201708756